| 000 | 00000nam 2200000za 4500 |
| 001 | 9.846739 |
| 003 | CaOODSP |
| 005 | 20221107153256 |
| 007 | cr ||||||||||| |
| 008 | 171107t20072004onca|||#o f000 0 fre d |
| 040 | |aCaOODSP|bfre |
| 043 | |an-cn--- |
| 086 | 1 |aNH15-426/2007F-PDF |
| 245 | 00|aIntroduction à l'entretien des maisons |h[ressource électronique] : |bguide pour les occupants. |
| 250 | |aRév. 2007 |
| 260 | |a[Ottawa] : |bSociété canadienne d’hypothèques et de logement, |c2007. c2004. |
| 300 | |ax, 124 p. : |bill. |
| 490 | 1 |aDes logements de qualité pour les Premières nations |
| 500 | |aPublié aussi en anglais sous le titre : Basic home mainteance : home occupants' guide. |
| 504 | |aComprend des réf. bibliogr. |
| 505 | 2 |aIntroduction à l’entretien des maisons -- Liste de contrôle pour l’entretien d’une maison -- L’utilisation sécuritaire des échelles -- Vides sanitaires -- Étanchéisation des ouvertures dans le parement -- Réparation du parement en vinyle -- Réparation du parement en bois -- Réparation du stuc -- Nettoyage du bardage et du stuc -- Gouttières et descentes pluviales -- Réparation du toit : Bardeaux d’asphalte -- Réparation du toit : Bardeaux de sciage et de fente -- Robinets d’arrêt et interrupteurs principaux -- Fenêtres -- Portes -- Réparation des murs et des plafonds -- Peinture -- Nettoyage des éviers, des baignoires et des cabines de douche -- Remplacement du mastic d’étanchéité dans les salles de bains et les cuisines -- Réparation des tuyaux d’évacuation d’eaux usées qui fuient -- Réparation des robinets -- Réparation des toilettes -- Chauffe-eau -- Entretien des installations d’assainissement -- La Maison saine et la qualité de l’air intérieur -- Contrôle de l’humidité -- Ventilation -- Guide de sensibilisation des occupants aux méfaits de la moisissure -- Entretien préventif des appareils -- Sécurité incendie -- Avertisseurs de fumée -- Chauffage au bois et cheminées -- Thermostats -- Entretien des générateurs d’air chaud -- Besoin d’aide -- Glossaire des termes d’habitation. |
| 520 | |a« La présente publication traite des problèmes d’entretien général communs aux collectivités des Premières nations »--p. iv. |
| 692 | 07|2gccst|aLogement |
| 692 | 07|2gccst|aEntretien |
| 710 | 2 |aSociété canadienne d'hypothèques et de logement. |
| 775 | 08|tBasic home maintenance |w(CaOODSP)9.846730 |
| 856 | 40|qPDF|s6.32 Mo|uhttps://publications.gc.ca/collections/collection_2017/schl-cmhc/NH15-426-2007-fra.pdf |
| 986 | |aOPIMS # 63588 |